Household dynamics and the housing market (Record no. 9960)

000 -LEADER
fixed length control field 00443pab a2200157 454500
008 - FIXED-LENGTH DATA ELEMENTS--GENERAL INFORMATION
fixed length control field 180718b1986 xxu||||| |||| 00| 0 eng d
100 ## - MAIN ENTRY--PERSONAL NAME
Personal name Wissem, Leo Van
245 ## - TITLE STATEMENT
Title Household dynamics and the housing market
Remainder of title A model for the Amsterdam region
260 ## - PUBLICATION, DISTRIBUTION, ETC.
Date of publication, distribution, etc. 1986
300 ## - PHYSICAL DESCRIPTION
Extent 37-55
650 ## - SUBJECT ADDED ENTRY--TOPICAL TERM
Topical term or geographic name entry element Housing - Netherland
700 ## - ADDED ENTRY--PERSONAL NAME
Personal name Peter Nijkamp
700 ## - ADDED ENTRY--PERSONAL NAME
Personal name Annemarid, Rima
773 ## - HOST ITEM ENTRY
Main entry heading Indian Journal of Regional Science
909 ## -
-- 9960
Holdings
Withdrawn status Lost status Damaged status Not for loan Permanent Location Current Location Date acquired Serial Enumeration / chronology Barcode Date last seen Price effective from Koha item type
        Indian Institute of Public Administration Indian Institute of Public Administration 2018-07-19 Volume no: 18, Issue no: 2 AR9977 2018-07-19 2018-07-19 Articles

Powered by Koha